00231nam a2200097Ia 4500008004100000100001400041245002900055260003200084260000900116300000800125170620s9999 xx 000 0 und d avijaykant 0aGANIT KA KAKSHA SHIKSHAN bRadha Prakashan Mandir Agra c2017 a151